Jodi Picoult Books - Statistics

General Stats
  • This quiz has been taken 44 times
  • The average score is 11 of 22
Answer Stats
Answer % Correct
My Sister's Keeper
95%
Nineteen Minutes
81%
The Pact
67%
The Storyteller
62%
Handle with Care
57%
House Rules
57%
Keeping Faith
57%
Change of Heart
52%
The Tenth Circle
52%
Lone Wolf
48%
Mercy
48%
Plain Truth
48%
Salem Falls
48%
Songs of the Humpback Whale
48%
Leaving TIme
43%
Perfect Match
43%
Picture Perfect
43%
Second Glance
38%
Sing you Home
38%
Harvesting the Heart
24%
Vanishing Acts
24%
Wonder Woman
10%
No matching quizzes found
Score Distribution
Percent of People with Each Score
Percentile by Number Answered
Your Score History
You have not taken this quiz